000 00367nam a22001217a 4500
999 _c2272
_d2272
005 20200910160017.0
008 200910b ||||| |||| 00| 0 eng d
020 _a0134113314
040 _cCML
245 _aChoices in Literature: Joining Hands.
_cElizabeth, F.A.
260 _aNew york
_bPrentice Hall
_c1987
942 _2ddc
_cBK
_e1st Edition
_h808
_mEPS